Finanzas públicas y gestión fiscal: El nuevo rol del estado en el marco de la globalización económica. Pautas para la dirección central y municipal / Juan Toribio. (Registro nro. 1709)

Detalles MARC
000 -LEADER
fixed length control field 00610nam a22002051a 4500
001 - CONTROL NUMBER
control field 1709
003 - CONTROL NUMBER IDENTIFIER
control field OSt
005 - DATE AND TIME OF LATEST TRANSACTION
control field 20260204211744.0
008 - FIXED-LENGTH DATA ELEMENTS--GENERAL INFORMATION
fixed length control field 040120s1998||||dr ||||||b||||||||||spa||
050 ## - LIBRARY OF CONGRESS CALL NUMBER
Classification number RD 336 T63f
082 ## - DEWEY DECIMAL CLASSIFICATION NUMBER
Classification number 336 T63f
100 ## - ASIENTO PRINCIPAL -- NOMBRE PERSONAL
Personal name Toribio, Juan
245 ## - TÍTULO PROPIAMENTE DICHO: SUBTÍTULO
Title Finanzas públicas y gestión fiscal: El nuevo rol del estado en el marco de la globalización económica. Pautas para la dirección central y municipal / Juan Toribio.
250 ## - MENCIÓN DE EDICIÓN
Edition statement 2
264 ## - PRODUCTION, PUBLICATION, DISTRIBUTION, MANUFACTURE, AND COPYRIGHT NOTICE
Place of production, publication, distribution, manufacture Santo Domingo : [s.n.]
300 ## - PHYSICAL DESCRIPTION
Extensión 257 p.
650 ## - ASIENTO SECUNDARIO DE MATERIA -- TERMINO TEMÁTICO
Termino Temático Como Elemento de Entrada 1.Finanzas Públicas
700 ## - ASIENTO SECUNDARIO -- NOMBRE PERSONAL
Personal name Reyes TeófiloÌ
942 ## - ADDED ENTRY ELEMENTS (KOHA)
Source of classification or shelving scheme Dewey Decimal Classification
Koha item type Libros
Existencias
Withdrawn status Lost status Source of classification or shelving scheme Damaged status Not for loan Current library Date acquired Total Checkouts Full call number Barcode Date last seen Price effective from Koha item type
    Dewey Decimal Classification     Biblioteca UTECO 09/09/2019   RD 336 T63F 003027 09/09/2019 09/09/2019 Libros
    Dewey Decimal Classification     Biblioteca UTECO 09/09/2019   RD 336 T63F 002987 09/09/2019 09/09/2019 Libros
    Dewey Decimal Classification     Biblioteca UTECO 09/09/2019   RD 336 T63F 002988 09/09/2019 09/09/2019 Libros
    Dewey Decimal Classification     Biblioteca UTECO 09/09/2019   RD 336 T63F 014201 09/09/2019 09/09/2019 Libros
    Dewey Decimal Classification     Biblioteca UTECO 09/09/2019   RD 336 T63F 014202 09/09/2019 09/09/2019 Libros
    Dewey Decimal Classification     Biblioteca UTECO 09/09/2019   RD 336 T63F 014203 09/09/2019 09/09/2019 Libros
    Dewey Decimal Classification     Biblioteca UTECO 09/09/2019   RD 336 T63F 018328 09/09/2019 09/09/2019 Libros
    Dewey Decimal Classification     Biblioteca UTECO 09/09/2019   RD 336 T63F 018329 09/09/2019 09/09/2019 Libros
    Dewey Decimal Classification     Biblioteca UTECO 09/09/2019   RD 336 T63F 018330 09/09/2019 09/09/2019 Libros
    Dewey Decimal Classification     Biblioteca UTECO 09/09/2019   RD 336 T63F 018331 09/09/2019 09/09/2019 Libros
© 2021 Derechos Reservados UTECO - Teléfono: +1 809-585-2291 - Correo electrónico: biblioteca@uteco.edu.do​  
Código postal 43000 ​​
Dirección: Avenida Universitaria No. 100, 
Cotuí, Provincia Sánchez Ramírez, República Dominicana - RNC: 404-00059-6